Deutsche Bundesländer - Kachelauswahl #2 - Statistiken

Allgemein
  • Dieses Quiz wurde 91 mal gespielt
    84 seit der letzten Aktualisierung
  • Das Durchschnittsergebnis liegt bei 88 aus 112
Antwortstatistiken
Frage Kachel Select % Korrekt
die eine Stadt mit über 500.000 Einwohnern beherbergen. Berlin Ja
100%
die eine Stadt mit über 500.000 Einwohnern beherbergen. Bayern Ja
99%
die eine Stadt mit über 500.000 Einwohnern beherbergen. Saarland Nein
99%
die eine Stadt mit über 500.000 Einwohnern beherbergen. Hamburg Ja
97%
die eine Stadt mit über 500.000 Einwohnern beherbergen. Mecklenburg-Vorpommern Nein
97%
die eine Stadt mit über 500.000 Einwohnern beherbergen. Sachsen-Anhalt Nein
97%
die an Hessen grenzen. (ohne Hessen) Bremen Nein
96%
die an Hessen grenzen. (ohne Hessen) Mecklenburg-Vorpommern Nein
96%
die an Hessen grenzen. (ohne Hessen) Schleswig-Holstein Nein
96%
die an Hessen grenzen. (ohne Hessen) Berlin Nein
95%
die an Hessen grenzen. (ohne Hessen) Hamburg Nein
95%
die eine Stadt mit über 500.000 Einwohnern beherbergen. Nordrhein-Westfalen Ja
95%
die an Hessen grenzen. (ohne Hessen) Hessen Nein
93%
die an Hessen grenzen. (ohne Hessen) Saarland Nein
93%
die eine Stadt mit über 500.000 Einwohnern beherbergen. Schleswig-Holstein Nein
93%
die eine Stadt mit über 500.000 Einwohnern beherbergen. Thüringen Nein
93%
die an Hessen grenzen. (ohne Hessen) Brandenburg Nein
92%
die weder an einen anderen Staat, noch an das Meer grenzen. (mit jeglichen Exklaven) Mecklenburg-Vorpommern Nein
92%
die weder an einen anderen Staat, noch an das Meer grenzen. (mit jeglichen Exklaven) Nordrhein-Westfalen Nein
92%
die weder an einen anderen Staat, noch an das Meer grenzen. (mit jeglichen Exklaven) Saarland Nein
92%
die weder an einen anderen Staat, noch an das Meer grenzen. (mit jeglichen Exklaven) Schleswig-Holstein Nein
92%
die weder an einen anderen Staat, noch an das Meer grenzen. (mit jeglichen Exklaven) Bayern Nein
91%
die weder an einen anderen Staat, noch an das Meer grenzen. (mit jeglichen Exklaven) Baden-Württemberg Nein
89%
die eine Stadt mit über 500.000 Einwohnern beherbergen. Brandenburg Nein
89%
die weder an einen anderen Staat, noch an das Meer grenzen. (mit jeglichen Exklaven) Brandenburg Nein
89%
die weder an einen anderen Staat, noch an das Meer grenzen. (mit jeglichen Exklaven) Niedersachsen Nein
89%
die weder an einen anderen Staat, noch an das Meer grenzen. (mit jeglichen Exklaven) Sachsen Nein
89%
die am Rhein liegen. (MIT dem Bodensee) Berlin Nein
88%
die am Rhein liegen. (MIT dem Bodensee) Brandenburg Nein
88%
die am Rhein liegen. (MIT dem Bodensee) Bremen Nein
88%
die am Rhein liegen. (MIT dem Bodensee) Hamburg Nein
88%
die an Hessen grenzen. (ohne Hessen) Sachsen Nein
88%
die am Rhein liegen. (MIT dem Bodensee) Sachsen Nein
88%
die eine Stadt mit über 500.000 Einwohnern beherbergen. Baden-Württemberg Ja
87%
die eine Stadt mit über 500.000 Einwohnern beherbergen. Hessen Ja
87%
die am Rhein liegen. (MIT dem Bodensee) Mecklenburg-Vorpommern Nein
87%
die am Rhein liegen. (MIT dem Bodensee) Nordrhein-Westfalen Ja
87%
die eine Stadt mit über 500.000 Einwohnern beherbergen. Rheinland-Pfalz Nein
87%
die weder an einen anderen Staat, noch an das Meer grenzen. (mit jeglichen Exklaven) Rheinland-Pfalz Nein
87%
die am Rhein liegen. (MIT dem Bodensee) Sachsen-Anhalt Nein
87%
die am Rhein liegen. (MIT dem Bodensee) Schleswig-Holstein Nein
87%
die am Rhein liegen. (MIT dem Bodensee) Baden-Württemberg Ja
86%
die am Rhein liegen. (MIT dem Bodensee) Rheinland-Pfalz Ja
86%
die am Rhein liegen. (MIT dem Bodensee) Thüringen Nein
86%
die weder an einen anderen Staat, noch an das Meer grenzen. (mit jeglichen Exklaven) Berlin Ja
84%
die in der Saison 2024/25 keinen in der Bundesliga spielenden Verein beherbergen. Nordrhein-Westfalen Nein
84%
die an Hessen grenzen. (ohne Hessen) Thüringen Ja
84%
die eine Bevökerungsdichte von weniger als 200 Einwohnern/km² haben. Berlin Nein
83%
die eine Bevökerungsdichte von weniger als 200 Einwohnern/km² haben. Bremen Nein
83%
die eine Bevökerungsdichte von weniger als 200 Einwohnern/km² haben. Hamburg Nein
83%
die weder an einen anderen Staat, noch an das Meer grenzen. (mit jeglichen Exklaven) Hessen Ja
83%
die in der Saison 2024/25 keinen in der Bundesliga spielenden Verein beherbergen. Bayern Nein
82%
die an Hessen grenzen. (ohne Hessen) Nordrhein-Westfalen Ja
82%
die eine Bevökerungsdichte von weniger als 200 Einwohnern/km² haben. Nordrhein-Westfalen Nein
82%
die in der Saison 2024/25 keinen in der Bundesliga spielenden Verein beherbergen. Baden-Württemberg Nein
80%
deren höchster Berg unter 300 Meter hoch ist. Bayern Nein
80%
die in der Saison 2024/25 keinen in der Bundesliga spielenden Verein beherbergen. Berlin Nein
80%
die eine Bevökerungsdichte von weniger als 200 Einwohnern/km² haben. Hessen Nein
80%
deren höchster Berg unter 300 Meter hoch ist. Hessen Nein
80%
die an Hessen grenzen. (ohne Hessen) Baden-Württemberg Ja
79%
die eine Bevökerungsdichte von weniger als 200 Einwohnern/km² haben. Baden-Württemberg Nein
79%
deren höchster Berg unter 300 Meter hoch ist. Baden-Württemberg Nein
79%
deren höchster Berg unter 300 Meter hoch ist. Nordrhein-Westfalen Nein
79%
die an Hessen grenzen. (ohne Hessen) Rheinland-Pfalz Ja
79%
deren höchster Berg unter 300 Meter hoch ist. Sachsen Nein
79%
die in der Saison 2024/25 keinen in der Bundesliga spielenden Verein beherbergen. Bremen Nein
78%
die am Rhein liegen. (MIT dem Bodensee) Saarland Nein
78%
die weder an einen anderen Staat, noch an das Meer grenzen. (mit jeglichen Exklaven) Thüringen Ja
78%
die in der Saison 2024/25 keinen in der Bundesliga spielenden Verein beherbergen. Hessen Nein
76%
deren höchster Berg unter 300 Meter hoch ist. Rheinland-Pfalz Nein
76%
die in der Saison 2024/25 keinen in der Bundesliga spielenden Verein beherbergen. Saarland Ja
76%
die eine Stadt mit über 500.000 Einwohnern beherbergen. Sachsen Ja
76%
die eine Bevökerungsdichte von weniger als 200 Einwohnern/km² haben. Mecklenburg-Vorpommern Ja
75%
die in der Saison 2024/25 keinen in der Bundesliga spielenden Verein beherbergen. Rheinland-Pfalz Nein
75%
die in der Saison 2024/25 keinen in der Bundesliga spielenden Verein beherbergen. Sachsen Nein
75%
die in der Saison 2024/25 keinen in der Bundesliga spielenden Verein beherbergen. Thüringen Ja
75%
deren höchster Berg unter 300 Meter hoch ist. Thüringen Nein
75%
die in der Saison 2024/25 keinen in der Bundesliga spielenden Verein beherbergen. Niedersachsen Nein
74%
die weder an einen anderen Staat, noch an das Meer grenzen. (mit jeglichen Exklaven) Sachsen-Anhalt Ja
74%
die in der Saison 2024/25 keinen in der Bundesliga spielenden Verein beherbergen. Brandenburg Ja
72%
die eine Stadt mit über 500.000 Einwohnern beherbergen. Bremen Ja
72%
die an Hessen grenzen. (ohne Hessen) Niedersachsen Ja
72%
die eine Bevökerungsdichte von weniger als 200 Einwohnern/km² haben. Sachsen Nein
72%
die an Hessen grenzen. (ohne Hessen) Bayern Ja
71%
die in der Saison 2024/25 keinen in der Bundesliga spielenden Verein beherbergen. Hamburg Nein
71%
deren höchster Berg unter 300 Meter hoch ist. Hamburg Ja
71%
die in der Saison 2024/25 keinen in der Bundesliga spielenden Verein beherbergen. Schleswig-Holstein Nein
71%
die weder an einen anderen Staat, noch an das Meer grenzen. (mit jeglichen Exklaven) Bremen Nein
70%
deren höchster Berg unter 300 Meter hoch ist. Bremen Ja
70%
die in der Saison 2024/25 keinen in der Bundesliga spielenden Verein beherbergen. Mecklenburg-Vorpommern Ja
70%
deren höchster Berg unter 300 Meter hoch ist. Sachsen-Anhalt Nein
70%
deren höchster Berg unter 300 Meter hoch ist. Schleswig-Holstein Ja
70%
die eine Bevökerungsdichte von weniger als 200 Einwohnern/km² haben. Brandenburg Ja
67%
deren höchster Berg unter 300 Meter hoch ist. Mecklenburg-Vorpommern Ja
67%
die am Rhein liegen. (MIT dem Bodensee) Niedersachsen Nein
67%
die eine Bevökerungsdichte von weniger als 200 Einwohnern/km² haben. Rheinland-Pfalz Nein
67%
die in der Saison 2024/25 keinen in der Bundesliga spielenden Verein beherbergen. Sachsen-Anhalt Ja
67%
deren höchster Berg unter 300 Meter hoch ist. Berlin Ja
66%
deren höchster Berg unter 300 Meter hoch ist. Saarland Nein
66%
die an Hessen grenzen. (ohne Hessen) Sachsen-Anhalt Nein
66%
die eine Stadt mit über 500.000 Einwohnern beherbergen. Niedersachsen Ja
64%
die eine Bevökerungsdichte von weniger als 200 Einwohnern/km² haben. Saarland Nein
54%
die eine Bevökerungsdichte von weniger als 200 Einwohnern/km² haben. Sachsen-Anhalt Ja
54%
die am Rhein liegen. (MIT dem Bodensee) Hessen Ja
53%
deren höchster Berg unter 300 Meter hoch ist. Niedersachsen Nein
53%
die eine Bevökerungsdichte von weniger als 200 Einwohnern/km² haben. Schleswig-Holstein Ja
53%
deren höchster Berg unter 300 Meter hoch ist. Brandenburg Ja
49%
die weder an einen anderen Staat, noch an das Meer grenzen. (mit jeglichen Exklaven) Hamburg Nein
42%
die eine Bevökerungsdichte von weniger als 200 Einwohnern/km² haben. Thüringen Ja
41%
die am Rhein liegen. (MIT dem Bodensee) Bayern Ja
38%
die eine Bevökerungsdichte von weniger als 200 Einwohnern/km² haben. Niedersachsen Ja
25%
die eine Bevökerungsdichte von weniger als 200 Einwohnern/km² haben. Bayern Ja
13%
Keine übereinstimmenden Quizze gefunden
Verteilung der Resultate
Anzahl Personen mit jedem Resultat
Perzentil nach korrekt beantworteten Fragen
Ihre Resultats-Entwicklung
Sie haben dieses Quiz seit der letzten Aktualisierung nicht gespielt